| 000 | 00582cam a22002171 4500 | ||
|---|---|---|---|
| 001 | sa 64003002 | ||
| 003 | DLC | ||
| 005 | 20260227112013.0 | ||
| 008 | 940609s1962 ii a 000 1 malo | ||
| 010 | _asa 64003002 | ||
| 025 | _aPL480:I-Mal-133 | ||
| 035 | _a(OCoLC)30578772 | ||
| 040 |
_aDLC _cCU _dCU _dDLC |
||
| 042 | _apremarc | ||
| 050 | 0 | 0 |
_aPL4718.9.K55 _bB4 |
| 100 | 1 | _aKizhakuden, Antony. | |
| 245 | 1 | 0 |
_aBentham benthanamalla; _bsocial drama. |
| 260 |
_aKunnamkulam, _bPrinted at V. K. Press, _c1962. |
||
| 300 |
_aiv, 88 p. _bill. _c19 cm. |
||
| 500 | _aIn Malayalam. | ||
| 999 |
_c57634 _d57634 |
||